000 00365 a2200157 4500
001 193002
020 _a978-85-368-0188-9
040 _cMagnum
100 _aBellinghausen, Biesemeyer Ingrid
240 1 0 _aPersonagens encantados ii
_lpor
245 1 0 _aPersonagens encantados ii
300 _a24
362 0 _a2006
697 _aLITERATURA INFANTO
942 _cBK
999 _c193002
_d193002